Englische Fußballwappen - Statistiken

Allgemein
  • Dieses Quiz wurde 89 mal gespielt
  • Das Durchschnittsergebnis liegt bei 9 aus 16
Antwortstatistiken
Bildquiz Antwort % Korrekt
Fulham FC
99%
Leeds United
99%
Wolverhampton Wanderers
94%
Nottingham Forest
89%
Norwich City
84%
Derby County
82%
Bolton Wanderers
77%
Plymouth Argyle
61%
Sheffield Wednesday
48%
Rotherham United
38%
Mansfield Town
32%
Bradford City
25%
Lincoln City
23%
Doncaster Rovers
22%
Burton Albion
19%
Cambridge United
13%
Keine übereinstimmenden Quizze gefunden
Verteilung der Resultate
Anzahl Personen mit jedem Resultat
Perzentil nach korrekt beantworteten Fragen
Ihre Resultats-Entwicklung
Sie haben dieses Quiz noch nicht gespielt